| 000 | 00507nam a2200181Ia 4500 | ||
|---|---|---|---|
| 005 | 20250326125452.0 | ||
| 008 | 250326s9999 xx 000 0 und d | ||
| 037 | _aTextbook | ||
| 040 |
_aFMSL _beng _cFMSL |
||
| 041 |
_aeng _2eng |
||
| 084 |
_aY.56 P2 _qFMSL |
||
| 100 |
_aKemshall H _9739153 |
||
| 245 | 0 |
_aRisk, social policy and welfare _cKemshall H |
|
| 260 |
_aPhiladelphia _bPhiladelphia, Open University _c2002 |
||
| 300 | _a159p | ||
| 942 |
_cTB _hY.56 P2 |
||
| 999 |
_c1278195 _d1278195 |
||